La conciencia de las palabras
Gespeichert in:
| 1. Verfasser: | |
|---|---|
| Format: | Buch |
| Sprache: | Spanisch |
| Veröffentlicht: |
Ciudad de México, México:
Fondo de Cultura Económica,
1981.
|
| Ausgabe: | 1a. ed |
| Schriftenreihe: | Colección Popular ;
|
| Schlagworte: | |
| Tags: |
Tag hinzufügen
Keine Tags, Fügen Sie den ersten Tag hinzu!
|
MARC
| LEADER | 00000cam a2200000 a 4500 | ||
|---|---|---|---|
| 001 | UCE6400 | ||
| 003 | CL-VaPUC | ||
| 005 | 20240621111941.0 | ||
| 008 | 150409e19810000mx |||||||||||||||||spa|d | ||
| 020 | |a 9681610229 | ||
| 020 | |a 978-968-16-1022-7 | ||
| 020 | |a 9789681610227 | ||
| 040 | |c Pontificia Universidad Católica de Valparaíso | ||
| 082 | 0 | 4 | |a 891.81004 CAN 1981 |2 21 |
| 100 | |a Canetti, Elias |e autor |9 522188 | ||
| 245 | 1 | 3 | |a La conciencia de las palabras |
| 250 | |a 1a. ed | ||
| 260 | |a Ciudad de México, México: |b Fondo de Cultura Económica, |c 1981. | ||
| 300 | |a 366 páginas. | ||
| 490 | 0 | |a Colección Popular ; |n 218. | |
| 583 | |a last modification |c 20150409 10:07:00 |k Rodrigo Vera | ||
| 650 | 7 | |a ENSAYOS BULGAROS |2 CL-VaPUC |9 459861 | |
| 650 | 7 | |a LITERATURA BULGARA |2 CL-VaPUC |9 459862 | |
| 942 | |c BK |2 ddc | ||
| 945 | |d 20150409 10:07:00 |a arojas | ||
| 999 | |c 358732 |d 358730 | ||
| 952 | |0 0 |1 0 |3 erb |4 0 |6 891_810040000000000_CAN_1981 |7 0 |8 A |9 467614 |a BIBEDU |b BIBEDU |i 5158494 |l 1 |o 891.81004 CAN 1981 |p 5158494 |r 2022-08-08 |s 2022-07-21 |w 2019-11-23 |y BK |z Catalogado en:20150409 |k FIL | ||
| 952 | |0 0 |1 0 |2 ddc |4 0 |6 891_810040000000000_CAN_1981 |7 0 |8 A |9 595171 |a BIBART |b BIBART |d 2024-06-21 |e 135 |g 5760.00 |i 5661589 |o 891.81004 CAN 1981 |p 5661589 |r 2025-03-13 |t 2 |v 5760.00 |w 2024-06-21 |y BK |k ART | ||